00817nam a2200157 i 4500001000700000003000900007005001700016008004100033080002300074245005400097260002900151300002100180505040000201651003500601852002300636190095ES-MaACL20230906223635.0200728s1860 fr |||| | fre d a94(450)"1849/1870"00aRome et le Congrès / cpar un Romain [Falconi]. aParis : bDentu, c1860. a32 p. ; c22 cm.8 aContiene: Sénat: séance... mars 1861 . Lettre circulaire a M. M. les éveques de France sur la... question romaine . La Brochure: le pape et le Congrès . Considérations sur l'Italie . La brochure du duc d'Aumale . Une Dette espagnole . Réponse d'un ancien troupier a la lettre de M. Le Duc d'Aumale adressee au prince Napoleon . Le Branle: bas européen . La France, Rome et l'Italie 4aItalia-xHistoria-y1849-1870.4 aES-MaACLjT-55-F-3